Wiley international encyclopedia of marketing
Enregistré dans:
| Autres auteurs: | , |
|---|---|
| Format: | Livre |
| Langue: | anglais |
| Publié: |
Chichester
Wiley
2011
|
| Sujets: | |
| Tags: |
Pas de tags, Soyez le premier à ajouter un tag!
|
MARC
| LEADER | 00000nam a2200000 4500 | ||
|---|---|---|---|
| 001 | 0146520 | ||
| 005 | 20240313134459.7 | ||
| 020 | |a 978-1-405-16178-7 | ||
| 041 | 0 | |a eng | |
| 044 | |a GB | ||
| 245 | 1 | 0 | |a Wiley international encyclopedia of marketing |c edited by: Daniel C. Bello and David A. Griffith |
| 264 | 1 | |a Chichester |b Wiley |c 2011 | |
| 300 | |a 219 s. | ||
| 610 | 2 | 0 | |a marketing medzinárodný |
| 610 | 2 | 0 | |a pojmy |
| 610 | 2 | 0 | |a terminológia |
| 700 | 1 | |a Bello, Daniel C. | |
| 700 | 1 | |a Griffith, David A. | |